| 000 | 01528nam a22002531 4500 | ||
|---|---|---|---|
| 001 | 36492 | ||
| 003 | BD-RjUL | ||
| 005 | 20211209052508.0 | ||
| 008 | 140624s1967 nyu b 000 0 eng | ||
| 035 | _a(BD-RjUL)36592 | ||
| 040 |
_aDLC _cDLC _dBD-RjUL _beng |
||
| 041 | _aeng | ||
| 082 | 0 | 0 |
_a973.2 _bPOL 1967 |
| 245 | 1 | 0 |
_aPolitics and society in colonial America : _cEdited by Michael G. Kammen. _bdemocracy or deference? / |
| 260 |
_aNew York : _bHolt, Rinehart and Winston, _cc1967. |
||
| 300 |
_a122 p. ; _c24 cm. |
||
| 504 | _aIncludes Bibliography. | ||
| 505 | 0 | _aThe concept of aristocracy, by B. K. Brown.--The concept of democracy, by R. N. Lokken.--The decline of political democracy in Plymouth, by G. D. Langdon.--Democracy in Massachusetts Bay; A debate, by J. Cary and R. E. Brown.--Local democracy in Connecticut; a case study, by C. S. Grant.--Aristocratic domination in New York, by C. L. Becker.--Democracy and politics in New York, by M. M. Klein.--Virginia; a semiaristocratic political system, by C. S. Sydnor.--Representation in Virginia; the echo of the people, by R. E. and B. K. Brown.--Suffrage and the Revolution, by C. Williamson.--Political thought before the Revolution, by R. V. W. Buel.--The Revolution and a changing political culture, by B. Bailyn.--A Whig world of politics and society, by J. R. Pole. | |
| 651 | 0 |
_aUnited States _xPolitics and government _yTo 1775. _9111098 |
|
| 700 | 1 |
_aKammen, Michael G. _9111099 |
|
| 942 |
_2ddc _cBK |
||
| 999 |
_c36492 _d36492 |
||